000 01653nabaa22002177a 4500
999 _c6153
_d6153
003 OSt
005 20260123194243.0
008 190701b xxu||||| |||| 00| 0 spa d
040 _cPJ
100 _93697
_aMassimino, Leonardo
245 1 0 _aResponsabilidad del Estado por la dilación indebida de los procedimientos administrativos /
_cLeonardo Massimino.
300 _ap. 64-77
500 _aCita: TR LALEY AR/DOC/3180/2023
505 _a Sumario: I. Planteo.— II. Los casos de aplicación. Ejemplos.— III. El derecho a una buena administración. Una administración eficiente.— IV. Los antecedentes en la actividad judicial. Caso "Poggio".— V. La responsabilidad por dilación de la actividad administrativa. Replanteo.— VI. Los presupuestos básicos de la atribución de responsabilidad del Estado por demora indebida en la actuación administrativa.— VII. La responsabilidad de los funcionarios y empleados por daños que por sus hechos, actos u omisiones generen a la hacienda pública.— VIII. El funcionamiento anormal del servicio. La falta personal de los funcionarios.— IX. El daño resarcible.— X. Los diferentes perjuicios y costos derivados de la dilación de los procedimientos administrativos.— XI. A modo de conclusión.
505 _t¿Te interesa el texto completo? Comunicate al correo: koha@justierradelfuego.gov.ar
650 0 _9211
_aDERECHO ADMINISTRATIVO
650 0 _91215
_aRESPONSABILIDAD DEL ESTADO
650 0 _91135
_aPROCEDIMIENTO ADMINISTRATIVO
773 0 _02842
_93251
_dBuenos Aires : AbeledoPerrot, 2012-
_oDA121
_tDerecho administrativo. Nº 151 enero/febrero 2024
_z18510590
942 _2udc
_cANA